Female Tennis Players by Given Name - Statistics

General Stats
  • This quiz has been taken 58 times
  • The average score is 15 of 20
Answer Stats
given name family name % Correct
Serena Williams
100%
Venus Williams
100%
Angelique Kerber
94%
Maria Sharapova
94%
Simona Halep
87%
Victoria Azarenka
85%
Agnieszka Radwanska
85%
Madison Keys
83%
Caroline Wozniacki
83%
Petra Kvitova
81%
Flavia Pennetta
71%
Svetlana Kuznetsova
67%
Garbine Muguruza
65%
Belinda Bencic
62%
Roberta Vinci
62%
Lucie Šafářová
58%
Sara Errani
56%
Karolina Pliskova
52%
Carla Suárez Navarro
44%
Timea Bacsinszky
42%
No matching quizzes found
Score Distribution
Percent of People with Each Score
Percentile by Number Answered
Your Score History
You have not taken this quiz